01431nam a22001577a 4500008004100000020001700041050001500058100002300073245006500096250001200161260005300173300003400226505096100260650001701221650003501238120203t xxu||||| |||| 00| 0 eng d a978027370889 bHD58.7.M58 aMullins, Laurie J. aManagement and organisational behaviour /cLaurie J. Mullins a8th ed. aHarlow : bFinancial Times Prentice Hall,c2007. axxxii, 837 p. :bill.;c27cm. aContents: The Organisational settings: The Nature of organisational behaviour -- Approaches to organisation and management -- The Nature and context of organisations -- The Individual: Individual differences and diversity -- The Nature of learning -- Perception and communications -- Work motivation and job satisfaction group, teams and leadsership: The Nature of work groups and teams -- Working in groups and teams -- The Nature of leadership The Nature of management -- The Role of the manager -- Managerial behaviour and effectiveness -- Human resource management -- Structures of orgranisation -- Operational strategy, ethics and responsibilities -- Organisation structures and design -- Patterns of structure and work organisation -- Technology and organisations -- Organisation management: Organisational control and power -- Organisation development, culture and change -- Organisational performance and effectiveness -- Conclusion -- Glossary. aManagement.  aOrganizational effectiveness.